| 000 | 00798nam a2200265Ia 4500 | ||
|---|---|---|---|
| 003 | OSt | ||
| 005 | 20221006160529.0 | ||
| 006 | a|||||r|||| 00| 0 | ||
| 007 | ta | ||
| 008 | 221006b |||||||| |||| 00| 0 eng d | ||
| 020 |
_a9780195081954 _c278p. |
||
| 024 | _a45,412 | ||
| 037 | _cTextual | ||
| 040 |
_aEASL _cEASL _beng |
||
| 041 |
_2eng _aeng |
||
| 082 | _aX8(F):8.42.N9, N7 | ||
| 100 | _aFRUIN W Mark | ||
| 245 | 0 |
_aKnowledge works _b managing intellectual capital at Toshiba |
|
| 260 |
_aNY _bOxford University Press _c1997 |
||
| 300 |
_a278p. _ccm. |
||
| 490 |
_v JEL _aJapan Business and economic Series |
||
| 650 |
_aHigh technology industries- Japan- case studies _9674036 |
||
| 942 |
_hX8(F):8.42.N9, N7 _cTEXL _2CC |
||
| 999 |
_c1113504 _d1113504 |
||